000 00361nam a22001577a 4500
003 SGT
020 _a9781847037961
082 _a346.4203,CLE
100 _a CLERK, J. F
245 _aCLERK & LINDSELL ON TORTS
250 _a20TH
260 _aLONDON
_bSWEET & MAXWELL
_c2010
300 _a2239
650 _aTORTS - ENGLAND ; TORTS - WALES ;
942 _2ddc
_cBK
999 _c9548
_d9548